| 000 | 02554 a2200385 4500 | ||
|---|---|---|---|
| 003 | Nust | ||
| 005 | 20170207154047.0 | ||
| 020 | _a978-3-540-87742-4 | ||
| 024 | 7 | _a10.1007/978-3-540-87742-4 | |
| 040 | _cNust | ||
| 100 | 1 | _aBertino, Elisa. | |
| 245 | 1 | 0 |
_aSecurity for Web Services and Service-Oriented Architectures(E-BOOK) _cby Elisa Bertino, Lorenzo Martino, Federica Paci, Anna Squicciarini. |
| 260 |
_aBerlin, Heidelberg : _bSpringer Berlin Heidelberg, _c2010. |
||
| 650 | 0 | _aBusiness Information Systems. | |
| 650 | 0 | _aComputer science. | |
| 650 | 0 | _aComputer Science. | |
| 650 | 0 | _aData protection. | |
| 650 | 0 | _aInformation Systems Applications (incl.Internet). | |
| 650 | 0 | _aInformation systems. | |
| 650 | 0 | _aManagement information systems. | |
| 650 | 0 | _aSoftware engineering. | |
| 650 | 0 | _aSoftware Engineering. | |
| 650 | 0 | _aSystems and Data Security. | |
| 651 | _aE-BOOK | ||
| 700 | 1 | _aMartino, Lorenzo. | |
| 700 | 1 | _aPaci, Federica. | |
| 700 | 1 | _aSquicciarini, Anna. | |
| 710 | 2 | _aSpringerLink (Online service) | |
| 856 | 4 | 2 | _uhttp://dx.doi.org/10.1007/978-3-540-87742-4 |
| 856 | 4 | 2 | _uhttp://link.libris.kb.se/sfxcthb?url_ver=Z39.88-2004&ctx_ver=Z39.88-2004&ctx_enc=info:ofi/enc:UTF-8&rfr_id=info:sid/sfxit.com:opac_856&url_ctx_fmt=info:ofi/fmt:kev:mtx:ctx&sfx.ignore_date_threshold=1&rft.object_id=2520000000011235&svc_val_fmt=info:ofi/fmt:kev:mtx:sch_svc& |
| 856 | 4 | 2 | _uhttp://link.libris.kb.se/sfxjon?url_ver=Z39.88-2004&ctx_ver=Z39.88-2004&ctx_enc=info:ofi/enc:UTF-8&rfr_id=info:sid/sfxit.com:opac_856&url_ctx_fmt=info:ofi/fmt:kev:mtx:ctx&sfx.ignore_date_threshold=1&rft.object_id=2520000000011235&svc_val_fmt=info:ofi/fmt:kev:mtx:sch_svc& |
| 856 | 4 | 2 | _uhttp://link.libris.kb.se/sfxkth?url_ver=Z39.88-2004&ctx_ver=Z39.88-2004&ctx_enc=info:ofi/enc:UTF-8&rfr_id=info:sid/sfxit.com:opac_856&url_ctx_fmt=info:ofi/fmt:kev:mtx:ctx&sfx.ignore_date_threshold=1&rft.object_id=2520000000011235&svc_val_fmt=info:ofi/fmt:kev:mtx:sch_svc& |
| 856 | 4 | 2 | _uhttp://link.libris.kb.se/sfxliub?url_ver=Z39.88-2004&ctx_ver=Z39.88-2004&ctx_enc=info:ofi/enc:UTF-8&rfr_id=info:sid/sfxit.com:opac_856&url_ctx_fmt=info:ofi/fmt:kev:mtx:ctx&sfx.ignore_date_threshold=1&rft.object_id=2520000000011235&svc_val_fmt=info:ofi/fmt:kev:mtx:sch_svc& |
| 856 | 4 | 2 | _uhttp://link.libris.kb.se/sfxsub?url_ver=Z39.88-2004&ctx_ver=Z39.88-2004&ctx_enc=info:ofi/enc:UTF-8&rfr_id=info:sid/sfxit.com:opac_856&url_ctx_fmt=info:ofi/fmt:kev:mtx:ctx&sfx.ignore_date_threshold=1&rft.object_id=2520000000011235&svc_val_fmt=info:ofi/fmt:kev:mtx:sch_svc& |
| 942 |
_2ddc _cBK |
||
| 999 |
_c192922 _d192922 |
||